<?xml version="1.0" encoding="UTF-8"?>
<record
    xmlns:xsi="http://www.w3.org/2001/XMLSchema-instance"
    xsi:schemaLocation="http://www.loc.gov/MARC21/slim http://www.loc.gov/standards/marcxml/schema/MARC21slim.xsd"
    xmlns="http://www.loc.gov/MARC21/slim">

  <leader>03253nam a2200565Ia 4500</leader>
  <controlfield tag="001">451</controlfield>
  <controlfield tag="008">241029s9999    xx            000 0 und d</controlfield>
  <datafield tag="010" ind1=" " ind2=" ">
    <subfield code="a">416</subfield>
  </datafield>
  <datafield tag="041" ind1=" " ind2=" ">
    <subfield code="a">Espa&#xF1;ol</subfield>
  </datafield>
  <datafield tag="082" ind1=" " ind2=" ">
    <subfield code="a">NO APLICA</subfield>
  </datafield>
  <datafield tag="245" ind1=" " ind2="0">
    <subfield code="a">Sistema de acci&#xF3;n para fortalecer el proceso de supervisi&#xF3;n en la red de escuelas La Altagracia-Santaella del Distrito 15-05 de Herrera, a&#xF1;o 2013.</subfield>
  </datafield>
  <datafield tag="260" ind1=" " ind2=" ">
    <subfield code="a">Santo Domingo</subfield>
  </datafield>
  <datafield tag="300" ind1=" " ind2=" ">
    <subfield code="a">108</subfield>
  </datafield>
  <datafield tag="520" ind1=" " ind2=" ">
    <subfield code="a">9</subfield>
  </datafield>
  <datafield tag="630" ind1=" " ind2=" ">
    <subfield code="a">Docentes</subfield>
  </datafield>
  <datafield tag="630" ind1=" " ind2=" ">
    <subfield code="a">Proceso de Evaluaci&#xF3;n</subfield>
  </datafield>
  <datafield tag="630" ind1=" " ind2=" ">
    <subfield code="a">Supervisi&#xF3;n</subfield>
  </datafield>
  <datafield tag="630" ind1=" " ind2=" ">
    <subfield code="a">Supervisi&#xF3;n Escolar</subfield>
  </datafield>
  <datafield tag="650" ind1=" " ind2=" ">
    <subfield code="a">Gesti&#xF3;n Educativa</subfield>
  </datafield>
  <datafield tag="690" ind1=" " ind2=" ">
    <subfield code="a">Elaborado</subfield>
  </datafield>
  <datafield tag="700" ind1=" " ind2=" ">
    <subfield code="e">asesor</subfield>
    <subfield code="a">Bautista P&#xE9;rez , Juan </subfield>
  </datafield>
  <datafield tag="700" ind1=" " ind2=" ">
    <subfield code="e">autor</subfield>
    <subfield code="a">P&#xE9;rez Pi&#xF1;a , Mariel Yudelka </subfield>
  </datafield>
  <datafield tag="700" ind1=" " ind2=" ">
    <subfield code="e">autor</subfield>
    <subfield code="a">Martir Ota&#xF1;o , Victor Rafael </subfield>
  </datafield>
  <datafield tag="901" ind1=" " ind2=" ">
    <subfield code="a">{"1":"P&#xE9;rez Pi&#xF1;a ","2":"Martir Ota&#xF1;o "}</subfield>
    <subfield code="b">{"1":"Mariel Yudelka ","2":"Victor Rafael "}</subfield>
  </datafield>
  <datafield tag="902" ind1=" " ind2=" ">
    <subfield code="a">1</subfield>
  </datafield>
  <datafield tag="903" ind1=" " ind2=" ">
    <subfield code="a">{"1":"Bautista P&#xE9;rez "}</subfield>
    <subfield code="b">{"1":"Juan "}</subfield>
  </datafield>
  <datafield tag="904" ind1=" " ind2=" ">
    <subfield code="a">Maestr&#xED;a en</subfield>
  </datafield>
  <datafield tag="905" ind1=" " ind2=" ">
    <subfield code="a">Gesti&#xF3;n de Centros Educativos</subfield>
  </datafield>
  <datafield tag="906" ind1=" " ind2=" ">
    <subfield code="a">2</subfield>
  </datafield>
  <datafield tag="907" ind1=" " ind2=" ">
    <subfield code="a">NO APLICA</subfield>
  </datafield>
  <datafield tag="908" ind1=" " ind2=" ">
    <subfield code="a">NO APLICA</subfield>
  </datafield>
  <datafield tag="909" ind1=" " ind2=" ">
    <subfield code="a">Universidad Aut&#xF3;noma de Santo Domingo (UASD)</subfield>
  </datafield>
  <datafield tag="910" ind1=" " ind2=" ">
    <subfield code="a">NULL</subfield>
    <subfield code="b">NULL</subfield>
  </datafield>
  <datafield tag="911" ind1=" " ind2=" ">
    <subfield code="a">["1"]</subfield>
  </datafield>
  <datafield tag="912" ind1=" " ind2=" ">
    <subfield code="a">NO APLICA</subfield>
  </datafield>
  <datafield tag="913" ind1=" " ind2=" ">
    <subfield code="a">NULL</subfield>
  </datafield>
  <datafield tag="914" ind1=" " ind2=" ">
    <subfield code="a">01 de Mayo de 2013</subfield>
  </datafield>
  <datafield tag="915" ind1=" " ind2=" ">
    <subfield code="a">12/06/14 03:06</subfield>
  </datafield>
  <datafield tag="916" ind1=" " ind2=" ">
    <subfield code="a">NULL</subfield>
  </datafield>
  <datafield tag="917" ind1=" " ind2=" ">
    <subfield code="a">NULL</subfield>
  </datafield>
  <datafield tag="918" ind1=" " ind2=" ">
    <subfield code="a">NO APLICA</subfield>
  </datafield>
  <datafield tag="919" ind1=" " ind2=" ">
    <subfield code="a">["70","164","187","189"]</subfield>
  </datafield>
  <datafield tag="520" ind1=" " ind2=" ">
    <subfield code="a">Los objetivos principales de este estudio consistieron en dise&#xF1;ar un sistema de acci&#xF3;n para el fortalecimiento del proceso de supervisi&#xF3;n en la red de escuelas &#xA0;La Altagracia-Santaella del Distrito 15-05 de Herrera, determinar cual es la viabilidad del sistema de acciones para el fortalecimiento del proceso de supervisi&#xF3;n en dicha red de escuelas de dicho Distrito.La metodolog&#xED;a utilizada fueron los m&#xE9;todos te&#xF3;ricos emp&#xED;ricos y matem&#xE1;ticos como instrumento se utiliz&#xF3; el an&#xE1;lisis, la observaci&#xF3;n, la encuesta, la entrevista y consulta a especialista. Se trabaj&#xF3; con una poblaci&#xF3;n total del distrito 15-05 el cual cuenta con 5 redes de escuelas. Como muestra se tomaron 32 docentes de B&#xE1;sica y Nedia para 24.8%, 7 directores que es el 100% y 258 alumnos/as lo cual equivale a un 3.5% de la poblaci&#xF3;n total.&#xA0;El estudio concluy&#xF3; que se evidenci&#xF3; algunas de las dificultades planeadas al inicio de la investigaci&#xF3;n como situaciones problem&#xE1;ticas, se determin&#xF3; que hubo una valoraci&#xF3;n consensuada equivalente a un 100% de acuerdo a los 9 especialista consultados, el proceso de supervisi&#xF3;n en la red de escuelas est&#xE1; dotado de valor te&#xF3;rico, por lo tanto, supera la contradicci&#xF3;n fundamental.El estudio recomienda que el sistema de acciones propuesto en la misma sea aplicado no solo en &#xA0;esta redes de escuelas, sino tambi&#xE9;n a nivel distrital, regional y en aquellas escuelas que necesiten esta propuesta, que el proceso de supervisi&#xF3;n en las escuelas se realice con mas efectividad, aplic&#xE1;ndolo correctamente y d&#xE1;ndole continuidad y que se fortalezca el proceso de supervisi&#xF3;n a las red de escuelas La Altagracia-santaella del Distrito 15-05 herrera.</subfield>
  </datafield>
  <datafield tag="921" ind1=" " ind2=" ">
    <subfield code="a">16</subfield>
  </datafield>
  <datafield tag="922" ind1=" " ind2=" ">
    <subfield code="a">16</subfield>
  </datafield>
  <datafield tag="923" ind1=" " ind2=" ">
    <subfield code="a">0</subfield>
  </datafield>
  <datafield tag="924" ind1=" " ind2=" ">
    <subfield code="a">NO APLICA</subfield>
  </datafield>
  <datafield tag="942" ind1=" " ind2=" ">
    <subfield code="c">Tesis</subfield>
  </datafield>
  <datafield tag="999" ind1=" " ind2=" ">
    <subfield code="c">416</subfield>
    <subfield code="d">416</subfield>
  </datafield>
</record>
